000 00821nam a2200229 i 4500
003 DO-SdBNP
005 20250807140308.0
007 ta
008 210412b200- dr a|||jr|||| 00| 0 spa d
040 _aDO-SdBNP
_bspa
_cBNPHU
_erda
041 _aspa
082 _axxx
_bI24h
_222
110 1 _aIglesia Católica :
_bComisión Episcopal Nacional de Catequesis.
_eConferencia de Episcopado Dominicano
_978365
245 _aGuiados por el Espíritu vivimos en comunidad :
_bcatequesis de iniciación cristiana - 3, 3 nivel libro del niño.
264 1 _aSanto Domingo :
_bEdiciones MSC,
_c200--?.
300 _a80 páginas :
_bilustraciones ;
_c27 cm.
336 _atexto
_btxt
_2rdacontent
337 _asin mediación
_bn
_2rdamedia
338 _avolumen
_bnc
_2rdacarrier
590 _aInventariado, 2025/BT
942 _2ddc
_cLBS1
999 _c49719
_d49719